000 01165nam a2200313 i 4500
003 EG-GICUC
005 20260121101703.0
008 260108s1985 ua ||||fr|||| 001 0 ara d
017 _a85/3247
040 _a EG-GICUC
_bara
_c EG-GICUC
_d EG-GICUC
_erda
041 _aara
082 0 4 _a343.441
_bح س . ح
_221
092 0 4 _221
099 _aLaw1 10 343.441 ح س . ح 1985 1006786
100 0 _aحسني الجندي.
_eمؤلف.
245 1 2 _aالحماية الجنائية لعلاقات العمل :
_bالقانون الجنائي للعمل /
_cدكتور حسني الجندي.
264 1 _aالقاهرة :
_bدار النهضة العربية،
_c1985.
300 _a113 صفحة ؛
_c24 سم.
336 _2rda content
_atext
337 _2rda media
_aComputer
338 _2rda carrier
_aOnline Resource
504 _aيشتمل على ارجاعات ببليوجرافية.
546 _aالنص باللغة العربية
650 1 _aالتشريع المتعلق بعلاقات العمل.
_2qrmak
651 1 _2qrmak
856 4 0 _uhttps://fll.law.cu.edu.eg/fulltext/bks/B10-06786.pdf
905 _a18
942 _2ddc
_n0
_cBK
_e21
999 _c55536
_d55536